Normal view
MARC view
- TCP-IP MCSE,TCP-IP
Entry Topical Term
001 - CONTROL NUMBER
- control field: 78028
003 - CONTROL NUMBER IDENTIFIER
- control field: NUST
005 - DATE AND TIME OF LATEST TRANSACTION
- control field: 20210628210048.0
008 - FIXED-LENGTH DATA ELEMENTS
- fixed length control field: 210628|| aca||aabn | a|a d
040 ## - CATALOGING SOURCE
- Original cataloging agency: NUST
- Transcribing agency: NUST
150 ## - HEADING--TOPICAL TERM
- Topical term or geographic name entry element: TCP-IP MCSE,TCP-IP
670 ## - SOURCE DATA FOUND
- Source citation: Work cat.: (NUST): Pablo, Mary Rozell, Erik 78027, Mcse test prep tcp-i, 1999
